000 00360nam a2200145Ia 4500
008 230917s9999||||xx |||||||||||||| ||und||
040 _e19385
_aMAIN
041 _aEnglish
082 _a330.91 K577W
100 _aKindleberger, Charles P
245 0 _aWorld in depression 1929-1939
260 _aLondon
_bAllen Lane
_c1973
300 _a336 p.
942 _cBK
999 _c128318
_d128318